[Event "Mallorca-chT Primera"]
[Site "Palma de Mallorca"]
[Date "2012.03.03"]
[Round "5.4"]
[White "De la Torre Sanchez, Miguel"]
[Black "Fiol Abrines, Antonio"]
[Result "1-0"]
[WhiteElo "2019"]
[BlackElo "2069"]
[PlyCount "39"]
[EventDate "2012.01.28"]
[EventType "team"]
[EventRounds "9"]
[EventCountry "ESP"]
[SourceTitle "EXT 2014"]
[Source "ChessBase"]
[SourceDate "2013.11.20"]
[SourceVersion "1"]
[SourceVersionDate "2013.11.20"]
[SourceQuality "1"]

1. d4 g6 2. c4 Bg7 3. Nc3 c5 4. d5 d6 5. e4 e5 6. f4 exf4 7. Bxf4 Nf6 8. Nf3 0-0 9. Be2 Re8 10. e5 Nh5 11. Bg5 Qa5 12. 0-0 dxe5 13. Nd2 Nf4 14. Nde4 Qb6 15. Na4 Qa6 16. Nexc5 Nxe2+ 17. Qxe2 Qa5 18. b4 Qxb4 19. Bd2 Bg4 20. Qf2 1-0

[Event "Mallorca-chT Primera"]
[Site "Palma de Mallorca"]
[Date "2012.02.18"]
[Round "3.5"]
[White "Salas Moya, Jaume"]
[Black "Fiol Abrines, Antonio"]
[Result "1/2-1/2"]
[WhiteElo "1973"]
[BlackElo "2069"]
[PlyCount "119"]
[EventDate "2012.01.28"]
[EventType "team"]
[EventRounds "9"]
[EventCountry "ESP"]
[SourceTitle "EXT 2014"]
[Source "ChessBase"]
[SourceDate "2013.11.20"]
[SourceVersion "1"]
[SourceVersionDate "2013.11.20"]
[SourceQuality "1"]

1. d4 g6 2. c4 Bg7 3. Nf3 c5 4. d5 d6 5. g3 e5 6. dxe6 Bxe6 7. Qc2 Nc6 8. Bg2 Nf6 9. 0-0 0-0 10. Ng5 Nd4 11. Qd3 Bf5 12. e4 Bg4 13. f3 Bc8 14. Nc3 h6 15. Nh3 Nd7 16. f4 Nb6 17. Nf2 Be6 18. Nd5 Bxd5 19. cxd5 a6 20. Be3 Nd7 21. a4 Rc8 22. Qd1 Re8 23. Re1 a5 24. Nd3 b6 25. Bf2 Qf6 26. Nc1 c4 27. Bh3 Rc7 28. e5 Nxe5 29. fxe5 Rxe5 30. Rxe5 Qxe5 31. Bg2 Nf5 32. Rb1 Ne3 33. Qf3 Re7 34. Bxe3 Qxe3+ 35. Qxe3 Rxe3 36. Kf1 Be5 37. Ne2 Rb3 38. Be4 Bxb2 39. Bc2 Rb4 40. Nf4 b5 41. axb5 Rxb5 42. Ke2 Kg7 43. Ba4 Rb4 44. Bc6 g5 45. Ng2 c3 46. Kd3 a4 47. Ne3 a3 48. Nc2 a2 49. Rf1 Rb6 50. Be8 Rb7 51. Bc6 Rb8 52. Na1 f5 53. Nc2 Kg6 54. Bd7 f4 55. gxf4 gxf4 56. Be6 Ra8 57. Na1 Kg5 58. Rg1+ Kf6 59. Rf1 Ke5 60. Re1+ 1/2-1/2

[Event "Mallorca-chB"]
[Site "Palma de Mallorca"]
[Date "2011.11.19"]
[Round "5"]
[White "Fiol Abrines, Antonio"]
[Black "Damians Janes, Jordi"]
[Result "0-1"]
[WhiteElo "1960"]
[BlackElo "1982"]
[PlyCount "82"]
[EventDate "2011.10.29"]
[EventType "swiss"]
[EventRounds "8"]
[EventCountry "ESP"]
[SourceTitle "EXT 2014"]
[Source "ChessBase"]
[SourceDate "2013.11.20"]
[SourceVersion "1"]
[SourceVersionDate "2013.11.20"]
[SourceQuality "1"]

1. f4 e5 2. fxe5 d6 3. exd6 Bxd6 4. Nf3 g5 5. g3 g4 6. Nh4 Ne7 7. d4 Ng6 8. Nxg6 hxg6 9. Qd3 Nc6 10. c3 Bf5 11. e4 Qe7 12. Bg2 0-0-0 13. Be3 Bd7 14. Bf4 Rh5 15. Nd2 f5 16. 0-0-0 Bxf4 17. gxf4 Qf7 18. Qc4 Qxc4 19. Nxc4 fxe4 20. Bxe4 Bf5 21. Bxf5+ gxf5 22. Ne3 Ne7 23. Nf1 Rdh8 24. Ng3 Rxh2 25. Rxh2 Rxh2 26. Rd2 Rh3 27. Rg2 Kd7 28. d5 Kd6 29. c4 c6 30. dxc6 bxc6 31. b4 Ke6 32. Kd2 Ng6 33. Ne2 Kf6 34. Rf2 Nh4 35. Ng1 Ra3 36. Rf1 Rxa2+ 37. Kc3 g3 38. Rc1 Rf2 39. Kd4 g2 40. Rc3 Rf1 41. Nh3 Rh1 0-1